[Event "Schoenhagen Cup Seniors 20th"]
[Site "Schoenhagen/Uslar"]
[Date "2011.09.10"]
[Round "6"]
[White "Huhn, Ulrich"]
[Black "Moor, Waldemar"]
[Result "1-0"]
[WhiteElo "1855"]
[BlackElo "1725"]
[PlyCount "129"]
[EventDate "2011.09.05"]
[EventType "swiss"]
[EventRounds "9"]
[EventCountry "GER"]
[SourceTitle "EXT 2012"]
[Source "ChessBase"]
[SourceDate "2011.11.24"]
[SourceVersion "1"]
[SourceVersionDate "2011.11.24"]
[SourceQuality "1"]

1. d4 d5 2. Nc3 Nf6 3. Bg5 g6 4. Nf3 Bg7 5. e3 c6 6. Bd3 0-0 7. Ne5 Nbd7 8. Nxd7 Nxd7 9. a4 f6 10. Bh4 a5 11. 0-0 e5 12. dxe5 Nxe5 13. Bg3 Bg4 14. f3 Bd7 15. e4 d4 16. Nb1 c5 17. Nd2 Be6 18. b3 Rc8 19. Qe2 Re8 20. Nc4 Nxc4 21. Bxc4 Qe7 22. Rab1 Kh8 23. Bxe6 Qxe6 24. Qc4 b6 25. Rfe1 Qd7 26. Qa6 Qc6 27. Qc4 Qe6 28. Re2 Bf8 29. Rbe1 Rc6 30. Qxe6 Rexe6 31. Rd2 Bh6 32. Rdd1 Be3+ 33. Bf2 Bxf2+ 34. Kxf2 Kg7 35. Ke2 Kf7 36. Kd3 Ke7 37. Kc4 Kd7 38. Rd2 Red6 39. Rde2 Re6 40. f4 Re7 41. g4 Rce6 42. h4 Kc6 43. Kd3 b5 44. axb5+ Kxb5 45. Ra1 f5 46. gxf5 gxf5 47. e5 Rg7 48. Rh2 Rg3+ 49. Ke2 Rc3 50. Ra2 Rg6 51. Kd2 Rgg3 52. Ra1 Rcf3 53. Re1 Re3 54. Rxe3 Rxe3 55. Re2 Re4 56. Kd3 Rxe2 57. Kxe2 Kc6 58. Kd2 Kd5 59. Kd3 h5 60. Kd2 Ke6 61. Ke2 Kd5 62. Kd2 Ke6 63. Kc1 Kd5 64. Kb2 Ke6 65. Ka3 1-0

[Event "Schoenhagen Cup Seniors 20th"]
[Site "Schoenhagen/Uslar"]
[Date "2011.09.05"]
[Round "1"]
[White "Daebel, Hasso"]
[Black "Moor, Waldemar"]
[Result "0-1"]
[WhiteElo "1500"]
[BlackElo "1725"]
[PlyCount "116"]
[EventDate "2011.09.05"]
[EventType "swiss"]
[EventRounds "9"]
[EventCountry "GER"]
[SourceTitle "EXT 2012"]
[Source "ChessBase"]
[SourceDate "2011.11.24"]
[SourceVersion "1"]
[SourceVersionDate "2011.11.24"]
[SourceQuality "1"]

1. d4 Nf6 2. Nf3 e6 3. h3 c5 4. dxc5 Bxc5 5. c3 Be7 6. Bf4 Nc6 7. e3 d5 8. Nbd2 0-0 9. Be2 a6 10. g4 Bd6 11. Bxd6 Qxd6 12. Nd4 e5 13. Nc2 Rd8 14. g5 Ne8 15. Bg4 d4 16. cxd4 exd4 17. e4 Ne5 18. Kf1 Be6 19. Bxe6 Qxe6 20. Nf3 Nxf3 21. Qxf3 Qc4+ 22. Kg2 Qxc2 23. Rhc1 Qa4 24. b3 Qd7 25. Rd1 Qe6 26. Rd3 Qe5 27. Qg4 Rac8 28. Rad1 Rc2 29. R1d2 Rxd2 30. Rxd2 d3 31. h4 f5 32. exf5 Rd4 33. Qh3 Qe4+ 34. Qf3 Qxf3+ 35. Kxf3 Nd6 36. h5 Nxf5 37. g6 hxg6 38. hxg6 Nh4+ 39. Ke3 Rd6 40. Rxd3 Rxd3+ 41. Kxd3 Nxg6 42. Kd4 Ne7 43. Kc5 Nc8 44. Kd5 Kf7 45. Ke5 Ke7 46. f4 g6 47. f5 gxf5 48. Kxf5 Kd6 49. Ke4 Kc5 50. a3 a5 51. Kd3 Ne7 52. Kc3 Nd5+ 53. Kd3 b5 54. Ke4 Nc3+ 55. Kd3 Nb1 56. a4 bxa4 57. bxa4 Kb4 58. Kd4 Nc3 0-1